Die 10 größten Städte - Finnland - Statistiken

Allgemein
  • Dieses Quiz wurde 221 mal gespielt
  • Das Durchschnittsergebnis liegt bei 6 aus 10
Antwortstatistiken
Einwohner Stadt % Korrekt
664.028 Helsinki
100%
249.009 Tampere
82%
197.900 Turku
79%
211.848 Oulu
76%
305.274 Espoo
63%
120.175 Lahti
55%
242.819 Vantaa
45%
145.887 Jyväskyla
37%
122.594 Kuopio
34%
83.205 Pori
27%
Keine übereinstimmenden Quizze gefunden
Verteilung der Resultate
Anzahl Personen mit jedem Resultat
Perzentil nach korrekt beantworteten Fragen
Ihre Resultats-Entwicklung
Sie haben dieses Quiz noch nicht gespielt